000 00782cam a2200241 a 4500
001 000005303
005 20200929151634.0
008 990426s1998 sp 001 f spa
020 _a8437616646
040 _aDO-SdBNP
_cDLC
_dDLC
082 _a863.6
_bB644b
100 1 _aBlasco Ibáñez, Vicente,
_d1867-1928.
_915017
245 1 3 _aLa bodega /
_cVicente Blasco Ibáñez ; edición, Francisco Caudet.
260 _aMadrid :
_bCátedra,
_c1998.
300 _a541 p. ;
_c18 cm.
440 0 _aLetras hispánicas ;
_v459
_94208
504 _aIncluye referencias bibliográficas (p. 171-186).
650 4 _aNovela española
_91123
650 4 _aLiteratura española
_9632
700 1 _aCaudet, Francisco,
_d1942-,
_eed.
_915076
910 _aCatalogación por copia / LC
910 _aWM
999 _c5104
_d5104